LEADER 03642nam 2200625Ia 450 001 9910456947503321 005 20200520144314.0 010 $a1-282-44256-2 010 $a9786612442568 010 $a981-4273-49-X 035 $a(CKB)2550000000001638 035 $a(EBL)477120 035 $a(OCoLC)647851828 035 $a(SSID)ssj0000336504 035 $a(PQKBManifestationID)11229536 035 $a(PQKBTitleCode)TC0000336504 035 $a(PQKBWorkID)10281874 035 $a(PQKB)10933290 035 $a(MiAaPQ)EBC477120 035 $a(WSP)00002150 035 $a(Au-PeEL)EBL477120 035 $a(CaPaEBR)ebr10361833 035 $a(CaONFJC)MIL244256 035 $a(EXLCZ)992550000000001638 100 $a20090126d2009 uy 0 101 0 $aeng 135 $aur|n|---||||| 181 $ctxt 182 $cc 183 $acr 200 10$aData quality and high-dimensional data analysis$b[electronic resource] $eproceedings of the DASFAA 2008 workshops /$feditors: Chee-yong, Chan, ... [et al.] 210 $aSingapore ;$aHackensack, NJ $cWorld Scientific$dc2009 215 $a1 online resource (117 p.) 300 $a"The first International Workshop on Data Quality in Collaborative Information Systems was held in conjunction with the 13th International Conference on Database Systems for Advanced Applications, 19-22nd March, 2008, in New Delhi, India. The present volume contains the text for four accepted papers and two invited papers presented at the workshop, as well as one additional paper presented at the co-located workshop on analysis of high dimensional descrete data."--Pref. 311 $a981-4273-48-1 320 $aIncludes author index. 327 $aPreface; Organizing Committees; CONTENTS; Genomic Information Quality Qing Liu and Xuemin Lin; DeepDetect: An Extensible System for Detecting Attribute Outliers & Duplicates in XML Qiangfeng Peter Lau, Wynne Hsu, Judice L. Y. Koh and Mong Li Lee; CHARIOT: A Comprehensive Data Integration and Quality Assurance Model for Agro-Meteorological Data Mark Anthony F. Mateo and Carson Kai-Sang Leung; Assessing Data Quality Within Available Context Jingyu Han, Dawei Jiang and Zhiming Ding; Data Quality for Decision Support - The Indian Banking Scenario Hemalatha Diwakar and Alka Vaidya 327 $aAn Approach to Cadastral Map Quality Evaluation in the Republic of Latvia Anita JansoneSNP Selection for Psychiatric Disease Association Based on Allele Frequency Plots E.Fuster-Garcia, et al.; Author Index 330 $aPoor data quality is known to compromise the credibility and efficiency of commercial and public endeavours. Also, the importance of managing data quality has increased manifold as the diversity of sources, formats and volume of data grows. This volume targets the data quality in the light of collaborative information systems where data creation and ownership is increasingly difficult to establish. 606 $aElectronic data processing$xQuality control$vCongresses 606 $aDatabase management$xQuality control$vCongresses 608 $aElectronic books. 615 0$aElectronic data processing$xQuality control 615 0$aDatabase management$xQuality control 676 $a005.74 676 $a025.04 701 $aChan$b Chee-Yong$0887750 712 12$aInternational Conference on Database Systems for Advanced Applications$d(13th :$f2008 :$eNew Delhi, India) 801 0$bMiAaPQ 801 1$bMiAaPQ 801 2$bMiAaPQ 906 $aBOOK 912 $a9910456947503321 996 $aData quality and high-dimensional data analysis$91983033 997 $aUNINA LEADER 01178nam 2200361 450 001 9910717085403321 005 20211208153226.0 035 $a(CKB)5470000002527349 035 $a(OCoLC)1287950895 035 $a(EXLCZ)995470000002527349 100 $a20211208d2007 ua 0 101 0 $aeng 135 $aur||||||||||| 181 $ctxt$2rdacontent 182 $cc$2rdamedia 183 $acr$2rdacarrier 200 10$aCanada $efood labeling legislation /$fprepared by Stephen F. Clarke 210 1$a[Washington, D.C.] :$cThe Law Library of Congress, Global Legal Research Directorate,$d2007. 215 $a1 online resource (1 unnumbered page) 300 $a"November 2007." 300 $a"LL File No. 2008-00113." 320 $aIncludes bibliographical references. 517 $aCanada 606 $aFood$xLabeling$xLaw and legislation$zCanada 615 0$aFood$xLabeling$xLaw and legislation 700 $aClarke$b Stephen F.$0120034 712 02$aLaw Library of Congress (U.S.).$bGlobal Legal Research Directorate, 801 0$bDLC 801 1$bGPO 906 $aBOOK 912 $a9910717085403321 996 $aCanada$93421408 997 $aUNINA LEADER 02428oas 2200961 a 450 001 9910482914103321 005 20251114213013.0 011 $a1558-349X 035 $a(OCoLC)54837184 035 $a(CONSER) 2004700028 035 $a(CKB)111079962191006 035 $a(EXLCZ)99111079962191006 100 $a20040330a20049999 sy a 101 0 $aeng 135 $aurcnu|||||||| 181 $ctxt$2rdacontent 182 $cc$2rdamedia 183 $acr$2rdacarrier 200 10$aJournal of the American College of Radiology $eJACR 210 $a[New York] $cPublished by Elsevier for the American College of Radiology$dİ2004- 215 $a1 online resource 300 $aRefereed/Peer-reviewed 300 $aTitle from issue table of contents (publisher's Web site PDF, viewed July 29, 2004). 311 08$a1546-1440 517 3 $aJACR 531 0 $aJ. Am. Coll. Radiol. 606 $aMedical radiology$vPeriodicals 606 $aRadiography 606 $aRadiology 606 $aRadiographie 606 $aRadiologie 606 $aradiography$2aat 606 $aradiographs$2aat 606 $aradiology$2aat 606 $aMedical radiology$2fast$3(OCoLC)fst01088281 608 $aPeriodical. 608 $aperiodicals.$2aat 608 $aPeriodicals.$2fast 608 $aPeriodicals.$2lcgft 608 $aPe?riodiques.$2rvmgf 615 0$aMedical radiology 615 12$aRadiography. 615 22$aRadiology. 615 6$aRadiographie. 615 6$aRadiologie. 615 7$aradiography. 615 7$aradiographs. 615 7$aradiology. 615 7$aMedical radiology. 676 $a616 712 02$aAmerican College of Radiology, 801 0$bOUN 801 1$bOUN 801 2$bNLM 801 2$bOCLCQ 801 2$bPIT 801 2$bOCL 801 2$bOCLCQ 801 2$bNSD 801 2$bKSU 801 2$bOCLCQ 801 2$bOPELS 801 2$bOCLCF 801 2$bOCLCA 801 2$bDLC 801 2$bOCL 801 2$bOCLCQ 801 2$bUKMGB 801 2$bOCLCA 801 2$bCASUM 801 2$bDLC 801 2$bOCLCQ 801 2$bOCLCL 801 2$bUBY 801 2$bOCLCL 801 2$bSFB 801 2$bCSU 801 2$bQGK 801 2$bOCLCQ 906 $aJOURNAL 912 $a9910482914103321 996 $aJournal of the American College of Radiology$91890673 997 $aUNINA